000 00682nam a2200193Ia 4500
999 _c46271
_d46271
001 13105
003 GE_BSU
005 20240819160451.0
008 181216s2014||||ge |||||||||||||| ||geo||
040 _cGE_BSU
041 _ageo
080 _a634.322 მ-26
245 _aმანდარინის ტრენინგის პროგრამის მასალები :
_bUSAID GEORGIA /
264 _aთბილისი :
_b[?],
_c2014.
300 _a88 გვ. :
_bილ. ;
_c30 სმ.
653 _aUSAID GEORGIA
653 _aმანდარინის ტრენინგის პროგრამის მასალები
942 _cBK
_2udc